| 000 | 00390nam a22001577a 4500 | ||
|---|---|---|---|
| 005 | 20170330110915.0 | ||
| 008 | 170330b xxu||||| |||| 00| 0 eng d | ||
| 020 | _a978-81-219-3533-3 | ||
| 041 | _aeng | ||
| 100 |
_aMADAN, DR. R.L _93713 |
||
| 245 | _aCHEMISTRY FOR DEGREE STUDENTS B.Sc 3 rd YEAR | ||
| 260 |
_bS CHAND _c2011 |
||
| 300 | _a927 | ||
| 650 |
_aENGINEERING _93714 |
||
| 942 | _cBK | ||
| 999 |
_c5346 _d5344 |
||